[Event "Ascona op 14th"]
[Site "Ascona"]
[Date "2021.03.27"]
[Round "2"]
[White "Jaggy, Matteo"]
[Black "Massironi, Davide"]
[Result "0-1"]
[WhiteElo "1887"]
[BlackElo "2080"]
[PlyCount "102"]
[EventDate "2021.03.26"]
[EventType "swiss"]
[EventRounds "5"]
[EventCountry "SUI"]
[SourceTitle "CBM 202 Extra"]
[Source "ChessBase"]
[SourceDate "2021.07.31"]
[SourceVersion "1"]
[SourceVersionDate "2021.07.31"]
[SourceQuality "1"]

1. d4 Nf6 2. c4 g6 3. Nc3 Bg7 4. e4 d6 5. Nf3 0-0 6. Be2 e5 7. d5 a5 8. Bg5 Na6 9. Nd2 h6 10. Be3 Nh7 11. Rb1 f5 12. f3 f4 13. Bf2 Bd7 14. a3 b6 15. b4 axb4 16. axb4 Bf6 17. 0-0 Bh4 18. g3 fxg3 19. hxg3 Bg5 20. Kg2 Nf6 21. Rh1 Rf7 22. Nf1 Qf8 23. Qe1 h5 24. Ne3 Qh6 25. Bd3 Raf8 26. c5 Ng4 27. Nxg4 Bxg4 28. fxg4 Rxf2+ 29. Qxf2 Rxf2+ 30. Kxf2 Nxb4 31. Rxb4 Bd2 32. cxb6 cxb6 33. Rd1 Qe3+ 34. Kg2 Qxd3 35. Rb2 Qxc3 36. Rbxd2 hxg4 37. Rf2 b5 38. Rdf1 Qe3 39. Rf8+ Kg7 40. R1f7+ Kh6 41. Rg8 Qxe4+ 42. Kg1 Qxd5 43. Rgf8 b4 44. Rf2 Qb5 45. Rh2+ Kg5 46. Rff2 Qc5 47. Kf1 Qc1+ 48. Ke2 b3 49. Kd3 d5 50. Rb2 Qc4+ 51. Kd2 Qd4+ 0-1

[Event "Lugano Special Edition op 19th"]
[Site "Lugano"]
[Date "2021.03.13"]
[Round "2"]
[White "Schmidig, Jean Claude"]
[Black "Massironi, Davide"]
[Result "0-1"]
[WhiteElo "1877"]
[BlackElo "2080"]
[PlyCount "54"]
[EventDate "2021.03.12"]
[EventType "swiss"]
[EventRounds "5"]
[EventCountry "SUI"]
[SourceTitle "CBM 201 Extra"]
[Source "ChessBase"]
[SourceDate "2021.05.31"]
[SourceVersion "1"]
[SourceVersionDate "2021.05.31"]
[SourceQuality "1"]

1. e4 c5 2. d3 Nc6 3. Nd2 g6 4. Ngf3 Bg7 5. g3 d6 6. Bg2 Nf6 7. 0-0 0-0 8. Re1 Qc7 9. Nf1 Rb8 10. c3 b5 11. d4 e5 12. d5 Ne7 13. Bg5 Nh5 14. Qd2 f5 15. Bxe7 Qxe7 16. Ng5 f4 17. Ne6 Bxe6 18. dxe6 Qxe6 19. Rad1 Rb6 20. Qe2 Qxa2 21. g4 f3 22. Bxf3 Nf4 23. Qc2 Nh3+ 24. Kg2 Qf7 25. Kxh3 Qxf3+ 26. Ng3 h5 27. gxh5 g5 0-1

[Event "Lugano op"]
[Site "Lugano"]
[Date "2003.10.31"]
[Round "5"]
[White "Massironi, Davide"]
[Black "Haldi, Peter"]
[Result "1/2-1/2"]
[WhiteElo "2112"]
[BlackElo "1896"]
[PlyCount "97"]
[EventDate "2003.10.31"]
[EventType "swiss"]
[EventRounds "6"]
[EventCountry "SUI"]
[SourceTitle "EXT 2007"]
[Source "ChessBase"]
[SourceDate "2006.11.23"]
[SourceVersion "1"]
[SourceVersionDate "2006.11.23"]
[SourceQuality "1"]

1. e4 c5 2. Nf3 Nc6 3. d4 cxd4 4. Nxd4 e5 5. Nb5 a6 6. Nd6+ Bxd6 7. Qxd6 Qf6 8. Qxf6 Nxf6 9. Nc3 Nb4 10. Bd3 d5 11. exd5 Nbxd5 12. Nxd5 Nxd5 13. 0-0 0-0 14. Re1 f6 15. a3 Kh8 16. c4 Ne7 17. f4 Nc6 18. Be3 Re8 19. Bb6 Bd7 20. Rad1 Bg4 21. Rd2 exf4 22. Re4 Ne5 23. Rxf4 Nxd3 24. Rxd3 Re1+ 25. Kf2 Re2+ 26. Kg3 Be6 27. b3 Re8 28. Kf3 Bf7 29. Be3 Re1 30. Kf2 Rb1 31. Rfd4 h6 32. Rd8 Kh7 33. Rxe8 Bxe8 34. b4 Bc6 35. Bd2 Rb2 36. g3 Rb1 37. Ke3 Rf1 38. Kd4 Rf5 39. Be1 Kg8 40. Rd2 Re5 41. Bf2 Kf7 42. Be3 Re4+ 43. Kd3 f5 44. h4 Rg4 45. Bf4 g5 46. hxg5 hxg5 47. Bd6 Kf6 48. Rg2 Re4 49. c5 1/2-1/2

[Event "Lugano op"]
[Site "Lugano"]
[Date "2003.10.31"]
[Round "3"]
[White "Massironi, Davide"]
[Black "Sedina, Elena"]
[Result "0-1"]
[WhiteElo "2112"]
[BlackElo "2394"]
[PlyCount "78"]
[EventDate "2003.10.31"]
[EventType "swiss"]
[EventRounds "6"]
[EventCountry "SUI"]
[SourceTitle "EXT 2007"]
[Source "ChessBase"]
[SourceDate "2006.11.23"]
[SourceVersion "1"]
[SourceVersionDate "2006.11.23"]
[SourceQuality "1"]

1. e4 e6 2. d4 d5 3. Nc3 Bb4 4. e5 Ne7 5. a3 Bxc3+ 6. bxc3 c5 7. Qg4 0-0 8. Bd3 Qa5 9. Bd2 Nbc6 10. Qh5 h6 11. Nf3 c4 12. Be2 f6 13. g4 Bd7 14. Rg1 Be8 15. Qh3 Bg6 16. exf6 Rxf6 17. g5 hxg5 18. Rxg5 Rf5 19. Qg3 Rxg5 20. Nxg5 Nf5 21. Qh3 Qd8 22. 0-0-0 Qe7 23. Kb2 b5 24. Bh5 Qe8 25. Bxg6 Qxg6 26. Rg1 a5 27. Qg4 b4 28. Nf3 bxa3+ 29. Kxa3 Qxg4 30. Rxg4 Nd6 31. Ng5 Re8 32. Bf4 Nb5+ 33. Kb2 a4 34. Rg3 Re7 35. Nf3 a3+ 36. Ka1 Nxc3 37. Be5 Nb4 38. Rg1 Ne2 39. Rg2 a2 0-1